ბათუმის შოთა რუსთაველის სახელმწიფო უნივერსიტეტის ბიბლიოთეკა

იბერიულ-კავკასიური ენათმეცნიერება XIV иберийско-кавказское языкознание=IVERO-CAUCASIA (ბიბ.ჩანაწერი № 52392)

000 -LEADER
fixed length control field 01316nam a2200229Ia 4500
001 - CONTROL NUMBER
control field 19412
003 - CONTROL NUMBER IDENTIFIER
control field GE_BSU
008 - FIXED-LENGTH DATA ELEMENTS--GENERAL INFORMATION
fixed length control field 181216s||||||||xx |||||||||||||| ||und||
040 ## - CATALOGING SOURCE
Transcribing agency GE_BSU
245 ## - TITLE STATEMENT
Title იბერიულ-კავკასიური ენათმეცნიერება XIV иберийско-кавказское языкознание=IVERO-CAUCASIA
245 ## - TITLE STATEMENT
Remainder of title ეძღვნება ვარლამ ტრიფონის ძე თოფურიას დაბადების სამოცი წლისა და სამეცნიერო და პედაგოგიური მოღვაწეობის ოცდათხუტმტი წლისთავს.
245 ## - TITLE STATEMENT
Statement of responsibility, etc. რედ:ქ.ლომთათიძე,ვლ.ფანჩვიძე
260 ## - PUBLICATION, DISTRIBUTION, ETC.
Place of publication, distribution, etc. თბილისი
260 ## - PUBLICATION, DISTRIBUTION, ETC.
Name of publisher, distributor, etc. მეცნიერება
260 ## - PUBLICATION, DISTRIBUTION, ETC.
Date of publication, distribution, etc. 1964
300 ## - PHYSICAL DESCRIPTION
Extent 397გვ; 1 ფოტ.პორტ.26სმ.
300 ## - PHYSICAL DESCRIPTION
Other physical details ვ.თოფურიას დაბეჭდილი შრომების ბიბლიოგრაფია
653 ## - INDEX TERM--UNCONTROLLED
Uncontrolled term იბერიულ-კავკასიური ენათმეცნიერება
653 ## - INDEX TERM--UNCONTROLLED
Uncontrolled term ქართული ენა
942 ## - ADDED ENTRY ELEMENTS (KOHA)
Koha item type წიგნი
ეგზემპლარები
Withdrawn status Lost status Damaged status Not for loan Date acquired Barcode Date last seen Price effective from Koha item type
        2018-12-17 48300 2018-12-17 2018-12-17 წიგნი
        2018-12-17 48378 2018-12-17 2018-12-17 წიგნი